000 00553nam a22001817a 4500
999 _c173242
_d173242
005 20200220152801.0
010 _aA-880947
020 _c32.00
035 _aA-880947
037 _bBPPD/Pub.
082 _a841
100 _aمحمد انوار الحق
245 _aدیوان غالب جدید /
_cمحمد انوار الحق
246 _aDeewan-e-Ghalib Jedeed (urdu) /
_bby Mohammed Anwar-Ul-Haq
260 _aBhopal
_bMadhya Pradesh Urdu Academy
_c1982 ء
300 _a488p.
_c22cm(Hb)
942 _2ddc
_cUR
_h841
_mغ ا ل